| 000 | 00295 a2200121 4500 | ||
|---|---|---|---|
| 999 |
_c322040 _d322040 |
||
| 001 | 86967 | ||
| 003 | NUST | ||
| 005 | 20180124121058.0 | ||
| 008 | 180124b xxu||||| |||| 00| 0 eng d | ||
| 082 | _a297.57 HAK | ||
| 100 |
_aAbdul Hakeem Ansari _99673 |
||
| 245 |
_aTameer-e-Millat _hUrdu |
||
| 260 |
_aLahore _bPehchan Publication Lahore _c2010 |
||
| 300 | _a270p | ||
| 942 |
_aCAE NUST _cBK _k297.57 HAK _2ddc |
||